Planeamiento y programación de las operaciones en Laminadora Costarricense S.A

Guardat en:
Dades bibliogràfiques
Autor principal: Berzosa Corella, Javier
Altres autors: Losilla Yamasaki, Jorge
Format: Llibre
Publicat: San José, C.R. 2001
Matèries:
Etiquetes: Afegir etiqueta
Sense etiquetes, Sigues el primer a etiquetar aquest registre!

MARC

LEADER 00000nam a2200000Ia 4500
003 008796
005 20221231144200.0
008 140114s2001 cr a m 000 ||s d
040 |c cru CEDI  
090 |a TFG 4356 
100 |a Berzosa Corella, Javier   |9 7699 
245 |a Planeamiento y programación de las operaciones en Laminadora Costarricense S.A 
260 |c 2001  |a  San José, C.R. 
300 |a  xiv, 130 hojas : ilustraciones  
500 |a Tesis (licenciatura en ingeniería industrial)--Universidad de Costa Rica. Facultad de Ingeniería. Escuela de Ingeniería Industrial 
650 |x LAMINADORA COSTARRICENSE S.A.   |x PLANIFICACION DE LA PRODUCCION   |x PROGRAMACION (ADMINISTRACION)   |x ADMINISTRACION   |x PROGRAMACION DE LA PRODUCCION  |9 7701 
700 |9 7700  |a Losilla Yamasaki, Jorge  
942 |c TFG 
999 |c 18082  |d 18082